1196 1483 1135 1697 1878 1470 1995 1867 1130 1567 1898 1438 1241 1646 1573 1999 1739 1949 1085 1541 1002 1215 1473 1870 1427 1830 1196 1432 1182 1334 1816 1525 1815 1428 1119 1863 1981 1118 1158 1057 1425 1910 1155 1059 1421 1093 1726 1791 1091 1440 1188 1332 1379 1622 1439 1124 1567 1486 1376 1059 1939 1033 1771 1205 1042 1072 1949 1399 1855 1867 1701 1158 1024 1990 1189 1197 1202 1793 1054 1836 1645 1329 1313 1921 1750 1461 1778 1719 1263 1202 1758 1580 1632 1934 1372 1784 1677 1610 1841 BCNSPRNW ULIB Ver.6.0+V

เปลี่ยนเป็นภาษาไทย

Change to English
 แสดงรายละเอียดบรรณานุกรม
  กลับหน้าหลัก

Brief Record : Get Marc (ISO 2709) : E-mail record : QR code < ปิดหน้าต่าง
LEADER : 00000nam 2200000uu 4500
001    13399113172
003     ULIB
008    110930s2545||||th 000 0 tha d
020    9749024311
050  4 QA76.75^bส548ค 2545
100 0  สัจจะ จรัสรุ่งรวีวร
245 10 คู่มือการใช้งาน Access 2002 :^bคู่มือเพื่อการสร้างและจัดการระบบฐานข้อมูลอย่างมืออาชีพ /^cสัจจะ จรัสรุ่งรวีวร, สุรัสวดี วงศ์จันทร์สุข
246 30 คู่มือเพื่อการสร้างและจัดการระบบฐานข้อมูลอย่างมืออาชีพ /
250    พิมพ์ครั้งที่ 1
260    กรุงเทพฯ :^bอินโฟเพรส,^c2545
300    408 หน้า. :^bภาพประกอบ ;^c26 ซม.
650  4 การจัดการฐานข้อมูล
650  4 โปรแกรมคอมพิวเตอร์
650  4 ไมโครซอฟต์เอ็กเซล
650  4 ไมโครซอฟต์แอ็กเซส 2002 (โปรแกรมคอมพิวเตอร์)
700 0  สุรัสวดี วงศ์จันทร์สุข
945    ^p275^l0^i023389
995    ทศพร
999 ^a ศิริพร
รายการนี้ยังไม่มีแท็ก
คุณยังไม่ได้ล็อกอิน คุณสามารถมีกิจกรรมร่วมกับเว็บไซต์ได้ แต่ต้องล็อกอินก่อน ::
  ล็อกอิน

รายการสื่อสารสนเทศ

ลำดับที่ ประเภท เลขเรียก/บาร์โค้ด สถานที่ สถานะ
- ไม่พบข้อมูล -

รายการใกล้เคียง
    หัวเรื่อง [การจัดการฐานข้อมูล]
    หัวเรื่อง [โปรแกรมคอมพิวเตอร์]
    หัวเรื่อง [ไมโครซอฟต์เอ็กเซล]

BibComment


ยังไม่เคยถูกคอมเมนท์

คอมเมนท์ทรัพยากรรายการนี้
  คอมเมนท์: คู่มือการใช้งาน A..


 Copyright 2026. Bcnsprnw @Library